000 00809nam a2200229Ia 4500
001 15470
003 GE_BSU
008 181216s||||||||xx |||||||||||||| ||und||
040 _cGE_BSU
080 _a82-93:821.353.1-32
100 _aჩხაიძე,ალექსანდრე
245 _aროცა მთავრდება ბავშვობა
245 _bმოთხრობები
245 _cრედ.შ.ზოიძე. მხატვ. გ.ხოჯაშვილი
260 _aბათუმი
260 _bსაბჭოთა აჭარა
260 _c1973
300 _a315გვ.1ფ.პორტრ.18სმ.
653 _aმოთხრობები
653 _aროცა მთავრდება ბავშვობა
942 _cBK
999 _c48571
_d48571